[Event "21. Open Cappelle la Grande"]
[Site "Cappelle la Grande FRA"]
[Date "2005.02.17"]
[Round "7"]
[White "Kveinys, Aloyzas"]
[Black "Bagheri, Amir"]
[Result "0-1"]
[WhiteElo "2518"]
[BlackElo "2500"]
[PlyCount "84"]
[EventDate "2005.02.12"]
[EventType "swiss"]
[EventRounds "9"]
[EventCountry "FRA"]
[Source "lmi"]
[SourceDate "2005.02.18"]

1. d4 Nf6 2. c4 c6 3. Nc3 d5 4. Nf3 a6 5. e3 b5 6. c5 Bg4 7. h3 Bh5 8. g4 Bg6
9. Ne5 Nfd7 10. Nxg6 hxg6 11. f4 e6 12. Bg2 Qh4+ 13. Kf1 Be7 14. Bd2 g5 15. Qf3
f5 16. a4 b4 17. Ne2 a5 18. Be1 Qh7 19. fxg5 O-O 20. g6 Qxg6 21. Nf4 Qh6 22.
Kg1 Bg5 23. Bg3 e5 24. dxe5 Nxe5 25. Qe2 Nbd7 26. gxf5 Nxc5 27. h4 Bxf4 28.
Bxf4 Qf6 29. Bh3 Ned3 30. Bg5 Qxb2 31. Qf1 Qe5 32. Rd1 Nb2 33. Rd4 Ne6 34. Qf2
Nc4 35. Rh2 b3 36. f6 Nxg5 37. hxg5 Qxg5+ 38. Rg4 Qxf6 39. Rf4 b2 40. Qc2 Qg5+
41. Rg2 Qxg2+ 42. Bxg2 Rxf4 0-1

[Event "21. Open Cappelle la Grande"]
[Site "Cappelle la Grande FRA"]
[Date "2005.02.17"]
[Round "7"]
[White "L'Henoret, Thierry"]
[Black "Timoshenko, Georgy"]
[Result "0-1"]
[WhiteElo "2164"]
[BlackElo "2546"]
[PlyCount "44"]
[EventDate "2005.02.12"]
[EventType "swiss"]
[EventRounds "9"]
[EventCountry "FRA"]
[Source "lmi"]
[SourceDate "2005.02.18"]

1. d4 Nf6 2. Nf3 g6 3. Nc3 d5 4. g3 Bg7 5. Bg2 O-O 6. O-O b6 7. Bg5 Bb7 8. Bxf6
exf6 9. e3 f5 10. Ne5 Re8 11. Nd3 c6 12. b4 Nd7 13. b5 Nf6 14. bxc6 Bxc6 15.
Ne2 Ne4 16. Nb2 Bb5 17. a4 Ba6 18. Rc1 Rc8 19. c4 dxc4 20. Nc3 Nxc3 21. Rxc3
Bf8 22. Qe2 Qxd4 0-1

[Event "21. Open Cappelle la Grande"]
[Site "Cappelle la Grande FRA"]
[Date "2005.02.17"]
[Round "7"]
[White "Landa, Konstantin"]
[Black "Alexandrova, Olga"]
[Result "1/2-1/2"]
[WhiteElo "2574"]
[BlackElo "2400"]
[PlyCount "112"]
[EventDate "2005.02.12"]
[EventType "swiss"]
[EventRounds "9"]
[EventCountry "FRA"]
[Source "lmi"]
[SourceDate "2005.02.18"]

1. e4 e6 2. d4 d5 3. Nc3 dxe4 4. Nxe4 Nd7 5. Nf3 Ngf6 6. Nxf6+ Nxf6 7. c3 c5 8.
Ne5 a6 9. Qa4+ Bd7 10. Nxd7 Nxd7 11. Be3 Qc7 12. dxc5 Bxc5 13. Bxc5 Qxc5 14.
O-O-O O-O-O 15. Qf4 Ne5 16. Be2 f6 17. h4 Rxd1+ 18. Rxd1 Rd8 19. Rxd8+ Kxd8 20.
h5 h6 21. Qg3 Qc7 22. Kc2 Ke8 23. Qe3 Ke7 24. b4 Qc6 25. g3 Qd5 26. Kb2 Kd7 27.
a4 Kc7 28. a5 Kb8 29. Qd4 Qxd4 30. cxd4 Nc6 31. Kc3 Kc7 32. Kc4 b6 33. axb6+
Kxb6 34. Bf3 Ne7 35. Bg4 f5 36. Bh3 Nc8 37. d5 e5 38. f4 Nd6+ 39. Kd3 exf4 40.
gxf4 Kb5 41. Kc3 Ne4+ 42. Kd4 Kxb4 43. Bxf5 Nd6 44. Bc2 a5 45. Ke5 Kc5 46. Bb3
Nb5 47. Ba4 Nd6 48. Ke6 Ne4 49. Bc2 Nd6 50. Bb3 Ne4 51. Bc2 Nd6 52. f5 Ne8 53.
Ke7 Nd6 54. Ke6 Ne8 55. Ba4 Nd6 56. Bc6 Ne4 1/2-1/2

[Event "21. Open Cappelle la Grande"]
[Site "Cappelle la Grande FRA"]
[Date "2005.02.17"]
[Round "7"]
[White "Libiszewski, Fabien"]
[Black "Rozentalis, Eduardas"]
[Result "1/2-1/2"]
[WhiteElo "2415"]
[BlackElo "2584"]
[PlyCount "62"]
[EventDate "2005.02.12"]
[EventType "swiss"]
[EventRounds "9"]
[EventCountry "FRA"]
[Source "lmi"]
[SourceDate "2005.02.18"]

1. e4 Nf6 2. e5 Nd5 3. d4 d6 4. Nf3 Bg4 5. Be2 e6 6. h3 Bxf3 7. Bxf3 c6 8. O-O
dxe5 9. dxe5 Nd7 10. Qe2 Qc7 11. Re1 g6 12. c4 N5b6 13. Nc3 Bg7 14. Bf4 O-O 15.
b3 a5 16. Qe3 a4 17. c5 Nd5 18. Bxd5 cxd5 19. Nxa4 Ra6 20. Rac1 Rfa8 21. Nc3
Qxc5 22. Nxd5 Qxe3 23. Nxe3 Bxe5 24. Bxe5 Nxe5 25. Rc7 Rxa2 26. Rxb7 Nd3 27.
Rd1 Nc5 28. Rc7 Ne4 29. Ng4 Ra1 30. Rxa1 Rxa1+ 31. Kh2 Kf8 1/2-1/2

[Event "21. Open Cappelle la Grande"]
[Site "Cappelle la Grande FRA"]
[Date "2005.02.17"]
[Round "7"]
[White "Magomedov, Magaram"]
[Black "Siebrecht, Sebastian"]
[Result "1-0"]
[WhiteElo "2575"]
[BlackElo "2408"]
[PlyCount "119"]
[EventDate "2005.02.12"]
[EventType "swiss"]
[EventRounds "9"]
[EventCountry "FRA"]
[Source "lmi"]
[SourceDate "2005.02.18"]

1. e4 d6 2. d4 Nf6 3. f3 Nbd7 4. Be3 e5 5. d5 Be7 6. c4 c5 7. Nc3 O-O 8. Qd2
Nh5 9. O-O-O a6 10. Kb1 g6 11. Bh6 Ng7 12. g4 f5 13. gxf5 gxf5 14. exf5 Nf6 15.
Bd3 Nfh5 16. Nge2 Bxf5 17. Bxf5 Rxf5 18. Ne4 Kh8 19. N2g3 Rf7 20. Nxh5 Nxh5 21.
Rdg1 Qd7 22. a3 Qf5 23. Ka2 b5 24. Bg5 Bf8 25. Qe2 Rb8 26. Bc1 bxc4 27. Qxc4
Rfb7 28. Rg5 Qxf3 29. Rf1 Qh3 30. Rxf8+ Rxf8 31. Nxd6 Rg7 32. Rxe5 Qxh2 33. Qc3
Nf6 34. Nf5 Rg6 35. d6 Qg2 36. Nh4 Qc6 37. Nxg6+ hxg6 38. Qh3+ Kg8 39. Qe6+ Rf7
40. Rg5 Kg7 41. Qf5 Qxd6 42. Rxg6+ Kf8 43. Be3 Qc6 44. Bxc5+ Ke8 45. Qe5+ Kd7
46. Rh6 a5 47. Ka1 a4 48. Qd4+ Kc7 49. Qf4+ Kb7 50. Qb4+ Kc7 51. Be3 Qa6 52.
Bb6+ Kd7 53. Qd4+ Kc6 54. Bd8 Qf1+ 55. Ka2 Qf3 56. Qxa4+ Kd5 57. Bxf6 Rxf6 58.
Qd7+ Ke4 59. Qe7+ Kd3 60. Qxf6 1-0

[Event "21. Open Cappelle la Grande"]
[Site "Cappelle la Grande FRA"]
[Date "2005.02.17"]
[Round "7"]
[White "Marcelin, Cyril"]
[Black "Stefansson, Hannes"]
[Result "0-1"]
[WhiteElo "2464"]
[BlackElo "2561"]
[PlyCount "54"]
[EventDate "2005.02.12"]
[EventType "swiss"]
[EventRounds "9"]
[EventCountry "FRA"]
[Source "lmi"]
[SourceDate "2005.02.18"]

1. e4 e5 2. Nf3 Nc6 3. Bb5 Nf6 4. O-O Nxe4 5. Qe2 Nd6 6. Bxc6 dxc6 7. Qxe5+ Qe7
8. Qa5 Be6 9. Re1 g6 10. Qe5 Rg8 11. d3 Bg7 12. Qa5 h6 13. Nc3 g5 14. Be3 Nf5
15. Bc5 Qd7 16. Ba3 Nd4 17. Nxd4 Bxd4 18. Ne4 b6 19. Qa6 f5 20. Nd2 Kf7 21. Nf3
Rge8 22. Kf1 c5 23. Nxd4 Qxd4 24. Qb7 Qd7 25. g3 Bd5 26. Qa6 Qc6 27. Re3 f4 0-1

[Event "21. Open Cappelle la Grande"]
[Site "Cappelle la Grande FRA"]
[Date "2005.02.17"]
[Round "7"]
[White "Midoux, Sebastien"]
[Black "Milanovic, Danilo"]
[Result "0-1"]
[WhiteElo "2310"]
[BlackElo "2447"]
[PlyCount "52"]
[EventDate "2005.02.12"]
[EventType "swiss"]
[EventRounds "9"]
[EventCountry "FRA"]
[Source "lmi"]
[SourceDate "2005.02.18"]

1. d4 Nf6 2. c4 c5 3. d5 b5 4. Nf3 Bb7 5. Qc2 Na6 6. Nc3 Nb4 7. Qb1 bxc4 8. e4
Ba6 9. Ne5 e6 10. Nxc4 exd5 11. exd5 Qe7+ 12. Ne3 Bxf1 13. Kxf1 Qe5 14. h4 Be7
15. Rh3 O-O 16. Rf3 g6 17. Nc4 Qh5 18. d6 Bd8 19. Bg5 Ng4 20. Rh3 Bxg5 21. hxg5
Qxg5 22. Qe1 Qf5 23. Qd2 Rfe8 24. a3 Nc2 25. Rc1 Nd4 26. Re1 Nb3 0-1

[Event "21. Open Cappelle la Grande"]
[Site "Cappelle la Grande FRA"]
[Date "2005.02.17"]
[Round "7"]
[White "Munson, Shaun D"]
[Black "Heberla, Bartolomiej"]
[Result "0-1"]
[WhiteElo "2272"]
[BlackElo "2438"]
[PlyCount "70"]
[EventDate "2005.02.12"]
[EventType "swiss"]
[EventRounds "9"]
[EventCountry "FRA"]
[Source "lmi"]
[SourceDate "2005.02.18"]

1. d4 c5 2. d5 g6 3. Nc3 d6 4. e4 Bg7 5. Nf3 Nf6 6. Bb5+ Nbd7 7. a4 O-O 8. O-O
Ne8 9. Re1 Nc7 10. Bf1 a6 11. Bf4 Rb8 12. Qd2 b5 13. axb5 axb5 14. Bh6 b4 15.
Nd1 Nf6 16. h3 e6 17. Bxg7 Kxg7 18. c4 bxc3 19. Nxc3 exd5 20. exd5 Rb4 21. Re3
Bb7 22. Rd3 Re8 23. Kh2 Ba6 24. Re3 Rxe3 25. fxe3 Bb7 26. Re1 Ncxd5 27. Ng5
Ng4+ 28. hxg4 Qxg5 29. Nxd5 Bxd5 30. Rd1 Qe5+ 31. Kg1 Be6 32. Qxd6 Qxe3+ 33.
Kh2 Rxg4 34. g3 Qf2+ 35. Bg2 Rg5 0-1

[Event "21. Open Cappelle la Grande"]
[Site "Cappelle la Grande FRA"]
[Date "2005.02.17"]
[Round "7"]
[White "Muzychuk, Anna"]
[Black "Perunovic, Milos"]
[Result "1-0"]
[WhiteElo "2387"]
[BlackElo "2564"]
[PlyCount "93"]
[EventDate "2005.02.12"]
[EventType "swiss"]
[EventRounds "9"]
[EventCountry "FRA"]
[Source "lmi"]
[SourceDate "2005.02.18"]

1. e4 c5 2. Nc3 Nc6 3. Bb5 Nd4 4. Nf3 e6 5. O-O a6 6. Bd3 Ne7 7. Nxd4 cxd4 8.
Ne2 Nc6 9. f4 Bc5 10. b3 d5 11. e5 O-O 12. Bb2 f6 13. exf6 Qxf6 14. Kh1 Bd7 15.
c3 Rac8 16. cxd4 Bd6 17. Ng1 Be8 18. Qg4 Nb4 19. Ba3 Bd7 20. Bxb4 Bxb4 21. Nf3
g6 22. Ne5 Qg7 23. Rae1 Bxd2 24. Nxd7 Qxd7 25. Rxe6 Qg7 26. f5 gxf5 27. Qxg7+
Kxg7 28. Re7+ Rf7 29. Rxf7+ Kxf7 30. Bxf5 Rc7 31. Bxh7+ Kg7 32. Bf5 Be3 33. Be6
Bxd4 34. Bxd5 Rc2 35. a4 b6 36. Bc4 Rb2 37. g3 b5 38. axb5 axb5 39. Bd5 b4 40.
Bc4 Rd2 41. Re1 Kf6 42. Re2 Rd1+ 43. Kg2 Rc1 44. Kf3 Be5 45. Kg4 Rc3 46. Rf2+
Kg7 47. Kg5 1-0

[Event "21. Open Cappelle la Grande"]
[Site "Cappelle la Grande FRA"]
[Date "2005.02.17"]
[Round "7"]
[White "Oleksienko, Mikhailo"]
[Black "Malakhatko, Vadim"]
[Result "1-0"]
[WhiteElo "2469"]
[BlackElo "2569"]
[PlyCount "89"]
[EventDate "2005.02.12"]
[EventType "swiss"]
[EventRounds "9"]
[EventCountry "FRA"]
[Source "lmi"]
[SourceDate "2005.02.18"]

1. e4 e6 2. d4 d5 3. Nd2 c5 4. Ngf3 cxd4 5. exd5 Qxd5 6. Bc4 Qd6 7. Qe2 Nf6 8.
Nb3 Nc6 9. Bg5 Qb4+ 10. Bd2 Qb6 11. O-O-O Bd7 12. Bg5 Bc5 13. Ne5 Nxe5 14. Qxe5
Bd6 15. Qxd4 Qxd4 16. Nxd4 Rc8 17. Bb5 Nd5 18. Nf5 Be5 19. Rhe1 Bxb5 20. Rxe5
Kd7 21. Rdxd5+ exd5 22. Re7+ Kc6 23. Be3 Ba6 24. Rxf7 Rce8 25. Nd4+ Kd6 26. b4
Re7 27. Nf5+ Ke6 28. Rxe7+ Kxf5 29. a4 Bf1 30. Rxb7 a6 31. Rxg7 h5 32. h4 Rc8
33. Rg5+ Ke6 34. Rxh5 Rc4 35. Bc5 a5 36. Rh6+ Kf7 37. Rh7+ Kg6 38. Rc7 axb4 39.
g3 b3 40. Bd6 Rxa4 41. cxb3 Ra6 42. Bf4 Kf5 43. h5 Ra2 44. h6 Rxf2 45. g4+ 1-0

[Event "21. Open Cappelle la Grande"]
[Site "Cappelle la Grande FRA"]
[Date "2005.02.17"]
[Round "7"]
[White "Olszewski, Michal"]
[Black "Skatchkov, Pavel"]
[Result "1/2-1/2"]
[WhiteElo "2339"]
[BlackElo "2483"]
[PlyCount "47"]
[EventDate "2005.02.12"]
[EventType "swiss"]
[EventRounds "9"]
[EventCountry "FRA"]
[Source "lmi"]
[SourceDate "2005.02.18"]

1. e4 e5 2. Nf3 Nf6 3. Nc3 Nc6 4. a3 Bc5 5. Nxe5 O-O 6. Nf3 Re8 7. d4 Nxe4 8.
Nxe4 Rxe4+ 9. Be3 Nxd4 10. Nxd4 Bxd4 11. Bd3 Re6 12. Bxh7+ Kxh7 13. Qxd4 Qf6
14. Qb4 b6 15. O-O-O d6 16. Rd5 c5 17. Qa4 Bb7 18. Rh5+ Kg8 19. Qg4 Re5 20. Rh6
Qf5 21. Qxf5 Rxf5 22. Rxd6 Bxg2 23. Rg1 Rd5 24. Rxd5 1/2-1/2

[Event "21. Open Cappelle la Grande"]
[Site "Cappelle la Grande FRA"]
[Date "2005.02.17"]
[Round "7"]
[White "Plachetka, Jan"]
[Black "Gourlay, Ian"]
[Result "1/2-1/2"]
[WhiteElo "2441"]
[BlackElo "2304"]
[PlyCount "38"]
[EventDate "2005.02.12"]
[EventType "swiss"]
[EventRounds "9"]
[EventCountry "FRA"]
[Source "lmi"]
[SourceDate "2005.02.18"]

1. e4 c5 2. Nf3 e6 3. b3 Nf6 4. e5 Nd5 5. Bb2 Nc6 6. Bb5 Be7 7. O-O O-O 8. Nc3
Nxc3 9. Bxc3 d5 10. exd6 Qxd6 11. Re1 Nd4 12. Bd3 Bf6 13. Rb1 Bd7 14. b4 Bc6
15. bxc5 Qxc5 16. Bb4 Nxf3+ 17. Qxf3 Qxb4 18. Rxb4 Bxf3 19. gxf3 b6 1/2-1/2

[Event "21. Open Cappelle la Grande"]
[Site "Cappelle la Grande FRA"]
[Date "2005.02.17"]
[Round "7"]
[White "Platel, Alexandre"]
[Black "Abergel, Thal"]
[Result "0-1"]
[WhiteElo "2148"]
[BlackElo "2443"]
[PlyCount "70"]
[EventDate "2005.02.12"]
[EventType "swiss"]
[EventRounds "9"]
[EventCountry "FRA"]
[Source "lmi"]
[SourceDate "2005.02.18"]

1. e4 c5 2. Nc3 Nc6 3. g3 g6 4. Bg2 Bg7 5. d3 Rb8 6. Be3 b5 7. Qd2 b4 8. Nd1 d6
9. c3 bxc3 10. bxc3 Qa5 11. f3 Ba6 12. f4 e6 13. Ne2 Nge7 14. O-O f5 15. Nf2
O-O 16. g4 d5 17. gxf5 gxf5 18. e5 d4 19. cxd4 Qxd2 20. Bxd2 Rb2 21. Rfd1 cxd4
22. Nc1 Bb5 23. Nb3 Ba4 24. Rdb1 Rc2 25. Bc1 Bh6 26. h4 Bxb3 27. axb3 Rc8 28.
Bf3 Nxe5 29. Bd1 R2c7 30. b4 Nd5 31. Bb3 Nf3+ 32. Kf1 Nxh4 33. Bxd5 exd5 34.
Bb2 Bxf4 35. Bxd4 Nf3 0-1

[Event "21. Open Cappelle la Grande"]
[Site "Cappelle la Grande FRA"]
[Date "2005.02.17"]
[Round "7"]
[White "Polard, Gaetan"]
[Black "Shchekachev, Andrei"]
[Result "0-1"]
[WhiteElo "2168"]
[BlackElo "2559"]
[PlyCount "68"]
[EventDate "2005.02.12"]
[EventType "swiss"]
[EventRounds "9"]
[EventCountry "FRA"]
[Source "lmi"]
[SourceDate "2005.02.18"]

1. d4 Nf6 2. c4 e6 3. Nc3 Bb4 4. Qc2 O-O 5. a3 Bxc3+ 6. Qxc3 d6 7. Bg5 Nbd7 8.
Nf3 b6 9. e3 Ba6 10. Bd3 c5 11. O-O Rc8 12. Rfd1 h6 13. Bxf6 Nxf6 14. dxc5 Rxc5
15. b4 Rc7 16. Qb3 Qe7 17. c5 Bxd3 18. cxd6 Qxd6 19. Rxd3 Qe7 20. Ne5 Rfc8 21.
Rad1 Nd5 22. h3 Rc3 23. Rxc3 Rxc3 24. Qa4 a5 25. e4 Nf4 26. Ng4 h5 27. Ne3 Qg5
28. h4 Nh3+ 29. Kf1 Qf4 30. gxh3 Rxe3 31. bxa5 bxa5 32. Qxa5 Rxh3 33. Qd8+ Kh7
34. Qg5 Qf3 0-1

[Event "21. Open Cappelle la Grande"]
[Site "Cappelle la Grande FRA"]
[Date "2005.02.17"]
[Round "7"]
[White "Predojevic, Borki"]
[Black "Borsuk, Angela"]
[Result "1-0"]
[WhiteElo "2546"]
[BlackElo "2335"]
[PlyCount "69"]
[EventDate "2005.02.12"]
[EventType "swiss"]
[EventRounds "9"]
[EventCountry "FRA"]
[Source "lmi"]
[SourceDate "2005.02.18"]

1. e4 d5 2. exd5 Qxd5 3. Nf3 Nf6 4. d4 a6 5. Be2 Nbd7 6. c4 Qd6 7. c5 Qc6 8.
O-O Nd5 9. Nc3 e6 10. Nxd5 Qxd5 11. Bf4 Qc6 12. Rc1 Be7 13. Bc4 O-O 14. Re1 Nf6
15. Ne5 Qe8 16. Qf3 Qd8 17. Rcd1 Nd5 18. Bc1 f6 19. Nd3 Re8 20. Nf4 Nxf4 21.
Bxf4 Bf8 22. d5 e5 23. d6+ Kh8 24. Bf7 cxd6 25. cxd6 Bd7 26. Bxe8 Qxe8 27. Qxb7
Rb8 28. Qxa6 Rxb2 29. Be3 Qf7 30. a4 f5 31. Bc1 Rc2 32. Rxe5 Rc6 33. Qb7 Bxd6
34. Ree1 h6 35. Rxd6 1-0

[Event "21. Open Cappelle la Grande"]
[Site "Cappelle la Grande FRA"]
[Date "2005.02.17"]
[Round "7"]
[White "Raetsky, Alexander"]
[Black "Froeyman, Helmut"]
[Result "1-0"]
[WhiteElo "2459"]
[BlackElo "2316"]
[PlyCount "75"]
[EventDate "2005.02.12"]
[EventType "swiss"]
[EventRounds "9"]
[EventCountry "FRA"]
[Source "lmi"]
[SourceDate "2005.02.18"]

1. d4 f5 2. c4 Nf6 3. Nf3 e6 4. Nc3 Bb4 5. Qb3 Qe7 6. a3 Bxc3+ 7. Qxc3 O-O 8.
g3 b6 9. Bg2 Bb7 10. O-O d6 11. b4 Nbd7 12. Bb2 Be4 13. Rfd1 c6 14. a4 a6 15.
Bf1 Rfc8 16. Nd2 c5 17. a5 bxa5 18. Rxa5 cxb4 19. Qxb4 Rab8 20. Qa3 Bb7 21. Bc3
Nb6 22. Bb4 Ne8 23. c5 dxc5 24. Rxc5 Qd7 25. Nf3 Qa4 26. Rxc8 Rxc8 27. Qxa4
Nxa4 28. Ne5 Nc7 29. Ra1 Nb6 30. Ba5 Nba8 31. e3 Nb5 32. Nd3 Rc2 33. Nc5 Bc8
34. Bxb5 axb5 35. Bd8 b4 36. Rxa8 b3 37. Nb7 Bxb7 38. Ra1 1-0

[Event "21. Open Cappelle la Grande"]
[Site "Cappelle la Grande FRA"]
[Date "2005.02.17"]
[Round "7"]
[White "Rendle, Thomas"]
[Black "Palo, Davor"]
[Result "0-1"]
[WhiteElo "2370"]
[BlackElo "2541"]
[PlyCount "64"]
[EventDate "2005.02.12"]
[EventType "swiss"]
[EventRounds "9"]
[EventCountry "FRA"]
[Source "lmi"]
[SourceDate "2005.02.18"]

1. f4 g6 2. Nf3 Bg7 3. g3 d6 4. d3 e5 5. Nc3 Ne7 6. Bg2 Nbc6 7. O-O O-O 8. e4
h6 9. f5 gxf5 10. Nh4 f4 11. gxf4 Ng6 12. Nxg6 fxg6 13. Nd5 Ne7 14. Nxe7+ Qxe7
15. c3 Qh4 16. Qd2 Bg4 17. Qf2 Qh5 18. Qg3 exf4 19. Rxf4 Rxf4 20. Bxf4 g5 21.
h3 Be6 22. Be3 Be5 23. Qf3 Qxf3 24. Bxf3 Bxh3 25. d4 Rf8 26. Bg2 Bxg2 27. dxe5
Bxe4 28. exd6 cxd6 29. Rd1 d5 30. Bxa7 Rf3 31. Rd2 g4 32. Rf2 Rd3 0-1

[Event "21. Open Cappelle la Grande"]
[Site "Cappelle la Grande FRA"]
[Date "2005.02.17"]
[Round "7"]
[White "Riff, Jean Noel"]
[Black "Schuurman, Petra"]
[Result "1/2-1/2"]
[WhiteElo "2435"]
[BlackElo "2290"]
[PlyCount "89"]
[EventDate "2005.02.12"]
[EventType "swiss"]
[EventRounds "9"]
[EventCountry "FRA"]
[Source "lmi"]
[SourceDate "2005.02.18"]

1. e4 c6 2. Nc3 d5 3. Nf3 Bg4 4. h3 Bxf3 5. Qxf3 e6 6. d3 Nd7 7. a3 g6 8. Be2
Bg7 9. O-O Ne7 10. Qg3 O-O 11. Bg5 d4 12. Nb1 f6 13. Bc1 Ne5 14. b4 a5 15. Bb2
axb4 16. axb4 Qb6 17. f4 Nf7 18. Qf2 c5 19. c3 f5 20. e5 Nc6 21. Nd2 dxc3 22.
Bxc3 Nxb4 23. Rab1 Qc7 24. Bxb4 cxb4 25. Rfc1 Qd7 26. Rxb4 Ra2 27. Nc4 g5 28.
Rcb1 gxf4 29. Rxb7 Qd8 30. Kf1 Qg5 31. Rb8 Qg3 32. Rxf8+ Bxf8 33. Qxg3+ fxg3
34. Bf3 Bc5 35. Bc6 Ra7 36. Ke2 Bd4 37. Rb7 Ng5 38. Rb8+ Kg7 39. Rb7+ Rxb7 40.
Bxb7 Nf7 41. Bc8 Nxe5 42. Bxe6 Kf6 43. Bg8 h5 44. Nxe5 Kxe5 45. Kf3 1/2-1/2

[Event "21. Open Cappelle la Grande"]
[Site "Cappelle la Grande FRA"]
[Date "2005.02.17"]
[Round "7"]
[White "Seret, Jean Luc"]
[Black "Gouliev, Namig"]
[Result "0-1"]
[WhiteElo "2359"]
[BlackElo "2514"]
[PlyCount "126"]
[EventDate "2005.02.12"]
[EventType "swiss"]
[EventRounds "9"]
[EventCountry "FRA"]
[Source "lmi"]
[SourceDate "2005.02.18"]

1. e4 e6 2. d3 d5 3. Nd2 Nf6 4. Ngf3 Nc6 5. c3 e5 6. Be2 a5 7. O-O Be7 8. b3
O-O 9. a3 Re8 10. Bb2 Bf8 11. Re1 b6 12. Bf1 Bb7 13. Qc2 dxe4 14. dxe4 Nb8 15.
Rad1 Nbd7 16. b4 g6 17. Bc1 axb4 18. axb4 Qe7 19. Bc4 h6 20. Nf1 Bg7 21. Ng3
Bc6 22. Bb3 Nf8 23. h3 N6h7 24. Nf1 Ne6 25. Ne3 Rad8 26. Nd5 Qf8 27. Qe2 b5 28.
h4 Kh8 29. h5 g5 30. Nh2 Nf4 31. Qf3 f5 32. Bxf4 exf4 33. exf5 Qxf5 34. Ne7
Bxf3 35. Rxd8 Rxd8 36. Nxf3 Qf6 37. Ng6+ Qxg6 38. hxg6 Nf8 39. Ne5 Bxe5 40.
Rxe5 Nxg6 41. Rxb5 Re8 42. Kf1 Ne5 43. Bc2 Kg7 44. Rc5 Re7 45. f3 h5 46. Be4 g4
47. Ke2 gxf3+ 48. gxf3 Kf6 49. Ra5 h4 50. Ra8 Rg7 51. Rh8 Kg5 52. Rf8 Nf7 53.
Kf2 h3 54. Bd5 Nh6 55. Be6 h2 56. Kg2 Re7 57. Bc4 Re3 58. Kxh2 Rxf3 59. Rc8
Ng4+ 60. Kg2 Rg3+ 61. Kh1 Rxc3 62. Rxc7 Rc1+ 63. Kg2 Rxc4 0-1

[Event "21. Open Cappelle la Grande"]
[Site "Cappelle la Grande FRA"]
[Date "2005.02.17"]
[Round "7"]
[White "Shirazi, Kamran"]
[Black "Socko, Bartosz"]
[Result "0-1"]
[WhiteElo "2416"]
[BlackElo "2591"]
[PlyCount "84"]
[EventDate "2005.02.12"]
[EventType "swiss"]
[EventRounds "9"]
[EventCountry "FRA"]
[Source "lmi"]
[SourceDate "2005.02.18"]

1. e4 e6 2. d4 d5 3. Nc3 Bb4 4. Nge2 Nf6 5. exd5 exd5 6. a3 Ba5 7. b4 Bb6 8.
Na4 O-O 9. Ng3 Qe8+ 10. Be3 Qxa4 11. Bd3 Qe8 12. O-O Ne4 13. Nh5 f5 14. Re1 c6
15. c4 dxc4 16. Bxc4+ Be6 17. d5 Bxd5 18. Bxd5+ cxd5 19. Bxb6 axb6 20. Rc1 Qf7
21. Nf4 Nc6 22. b5 Na5 23. Qxd5 Rad8 24. Qxf7+ Rxf7 25. Ne6 Re8 26. Nc7 Rd8 27.
Ne6 Rb8 28. f3 Nf6 29. Re5 Re8 30. f4 Ng4 31. Nc7 Rxe5 32. fxe5 Nxe5 33. Nd5
Nac4 34. a4 Rd7 35. Rd1 Kf7 36. Kf2 Nb2 37. Rd4 Nxa4 38. Ke3 Ng4+ 39. Kd3 Nc5+
40. Kc4 Ne5+ 41. Kb4 Ne6 42. Rd1 Nf4 0-1

[Event "21. Open Cappelle la Grande"]
[Site "Cappelle la Grande FRA"]
[Date "2005.02.17"]
[Round "7"]
[White "Shneider, Aleksandr"]
[Black "Housieaux, David"]
[Result "1-0"]
[WhiteElo "2528"]
[BlackElo "2332"]
[PlyCount "85"]
[EventDate "2005.02.12"]
[EventType "swiss"]
[EventRounds "9"]
[EventCountry "FRA"]
[Source "lmi"]
[SourceDate "2005.02.18"]

1. d4 Nf6 2. c4 g6 3. Nc3 Bg7 4. e4 d6 5. Be2 O-O 6. Nf3 Na6 7. O-O e5 8. Be3
Ng4 9. Bg5 Qe8 10. dxe5 dxe5 11. h3 f6 12. Bd2 Nh6 13. c5 Nxc5 14. Qc1 Nf7 15.
Nd5 Ne6 16. Nxc7 Nxc7 17. Qxc7 Nd8 18. Rfc1 Be6 19. b4 Rf7 20. Qc3 Qa4 21. Be3
Rc8 22. Qxc8 Bxc8 23. Rxc8 Rd7 24. Bc4+ Kf8 25. Bb3 Qa6 26. a4 b6 27. Rac1 Qe2
28. Bc4 Qb2 29. Bb5 Rd6 30. R1c7 Qb1+ 31. Kh2 Qxe4 32. Rxa7 Qf5 33. Raa8 Ke7
34. Rc7+ Kf8 35. Bc4 e4 36. Rf7+ Ke8 37. Rxg7 g5 38. Rg8+ Ke7 39. Ra7+ Rd7 40.
Rg7+ Ke8 41. Raxd7 exf3 42. Bb5 Qe5+ 43. g3 1-0

[Event "21. Open Cappelle la Grande"]
[Site "Cappelle la Grande FRA"]
[Date "2005.02.17"]
[Round "7"]
[White "Spraggett, Kevin"]
[Black "Kuczynski, Robert"]
[Result "1-0"]
[WhiteElo "2589"]
[BlackElo "2475"]
[PlyCount "116"]
[EventDate "2005.02.12"]
[EventType "swiss"]
[EventRounds "9"]
[EventCountry "FRA"]
[Source "lmi"]
[SourceDate "2005.02.18"]

1. e4 c5 2. Nf3 d6 3. d4 cxd4 4. Nxd4 Nf6 5. Nc3 a6 6. Bg5 e6 7. f4 Nbd7 8. Qe2
Qc7 9. O-O-O b5 10. g4 b4 11. Nd5 exd5 12. exd5+ Be7 13. Nc6 Nb8 14. Bxf6 gxf6
15. Bg2 Nxc6 16. dxc6 a5 17. Rhe1 Kf8 18. Rd4 Ba6 19. Qe3 h6 20. f5 Re8 21. Bd5
Bb5 22. Re4 Bxc6 23. Bxc6 Qxc6 24. Rxe7 Rxe7 25. Qxe7+ Kg7 26. Kb1 Rc8 27. Qe2
Qc4 28. h3 Qxe2 29. Rxe2 h5 30. Rd2 hxg4 31. hxg4 Rc4 32. b3 Rc6 33. Rd5 Ra6
34. Kb2 Kh6 35. a3 bxa3+ 36. Kxa3 Kg5 37. Ka4 Kxg4 38. Rxa5 Rc6 39. c4 Rc5 40.
Ra6 d5 41. Kb4 Rc7 42. c5 Kxf5 43. c6 d4 44. Kc5 d3 45. Ra8 Ke4 46. Re8+ Kf3
47. b4 Ra7 48. b5 Ra1 49. Rd8 Rc1+ 50. Kb6 Ke2 51. Kc7 f5 52. b6 f4 53. b7 Rb1
54. b8=Q Rxb8 55. Kxb8 f3 56. Re8+ Kd2 57. Rf8 Ke2 58. c7 d2 1-0

[Event "21. Open Cappelle la Grande"]
[Site "Cappelle la Grande FRA"]
[Date "2005.02.17"]
[Round "7"]
[White "Sulava, Nenad"]
[Black "Palac, Mladen"]
[Result "1/2-1/2"]
[WhiteElo "2470"]
[BlackElo "2575"]
[PlyCount "30"]
[EventDate "2005.02.12"]
[EventType "swiss"]
[EventRounds "9"]
[EventCountry "FRA"]
[Source "lmi"]
[SourceDate "2005.02.18"]

1. d4 d5 2. c4 e6 3. Nf3 Nf6 4. Nc3 Bb4 5. Bg5 dxc4 6. e4 c5 7. Bxc4 cxd4 8.
Nxd4 Qa5 9. Bd2 Qc5 10. Bb5+ Nbd7 11. Nb3 Qb6 12. O-O Bxc3 13. Bxd7+ Bxd7 14.
Bxc3 Nxe4 15. Bxg7 Rg8 1/2-1/2

[Event "21. Open Cappelle la Grande"]
[Site "Cappelle la Grande FRA"]
[Date "2005.02.17"]
[Round "7"]
[White "Szelag, Marcin"]
[Black "Hautot, Stephane"]
[Result "1-0"]
[WhiteElo "2474"]
[BlackElo "2328"]
[PlyCount "57"]
[EventDate "2005.02.12"]
[EventType "swiss"]
[EventRounds "9"]
[EventCountry "FRA"]
[Source "lmi"]
[SourceDate "2005.02.18"]

1. e4 c5 2. Nf3 d6 3. d4 cxd4 4. Nxd4 Nf6 5. Nc3 g6 6. Be3 Bg7 7. f3 O-O 8. Qd2
Nc6 9. Bc4 Bd7 10. h4 Rc8 11. Bb3 Ne5 12. h5 Nxh5 13. O-O-O Nc4 14. Bxc4 Rxc4
15. Kb1 Re8 16. g4 Nf6 17. Nb3 Be6 18. Rh4 Qc7 19. Bd4 a5 20. Rdh1 h5 21. gxh5
a4 22. h6 Bf8 23. Nc1 Kh7 24. N1e2 Qa5 25. f4 Rec8 26. f5 gxf5 27. Qg5 b5 28.
Rg1 Rxd4 29. Qg7+ 1-0